[Event "BEL-ch U16"]
[Site "Worriken Buetgenbach"]
[Date "2004.04.11"]
[Round "9.14"]
[White "George, Maxime"]
[Black "Knoops, Jeremie"]
[Result "1/2-1/2"]
[WhiteElo "1282"]
[BlackElo "1358"]
[PlyCount "31"]
[EventDate "2004.04.03"]
[EventType "swiss"]
[EventRounds "9"]
[EventCountry "BEL"]
[SourceTitle "EXT 2006"]
[Source "ChessBase"]
[SourceDate "2005.11.24"]
[SourceVersion "1"]
[SourceVersionDate "2005.11.24"]
[SourceQuality "1"]

1. c4 Nf6 2. Nc3 c5 3. Nf3 Nc6 4. g3 b6 5. Bg2 Bb7 6. d3 e6 7. Bf4 Rc8 8. Nb5 d6 9. Nd2 Qd7 10. 0-0 a6 11. Nc3 Be7 12. Bg5 0-0 13. Bxf6 Bxf6 14. e3 Nd8 15. Nde4 Be7 16. Na4 1/2-1/2

[Event "BEL-ch U16"]
[Site "Worriken Buetgenbach"]
[Date "2004.04.05"]
[Round "3.15"]
[White "Heukemes, Yorrit"]
[Black "Knoops, Jeremie"]
[Result "1/2-1/2"]
[WhiteElo "1261"]
[BlackElo "1358"]
[PlyCount "95"]
[EventDate "2004.04.03"]
[EventType "swiss"]
[EventRounds "9"]
[EventCountry "BEL"]
[SourceTitle "EXT 2006"]
[Source "ChessBase"]
[SourceDate "2005.11.24"]
[SourceVersion "1"]
[SourceVersionDate "2005.11.24"]
[SourceQuality "1"]

1. e4 d6 2. d4 Nf6 3. Nc3 g6 4. Be3 c6 5. Qd2 Nbd7 6. f3 b5 7. Bd3 Nb6 8. 0-0-0 b4 9. Nce2 a5 10. Kb1 Be6 11. Nc1 Qb8 12. Nge2 Nc4 13. Bxc4 Bxc4 14. Bg5 Nd7 15. Qe3 Nb6 16. Rhe1 Qb7 17. d5 cxd5 18. e5 e6 19. exd6 Bxe2 20. Rxe2 Bxd6 21. f4 a4 22. g4 Rc8 23. f5 Nc4 24. Qd4 Kd7 25. fxe6+ fxe6 26. Qg7+ Kc6 27. Qxb7+ Kxb7 28. Rxe6 Rc5 29. b3 Na3+ 30. Ka1 Nxc2+ 31. Kb2 Bxh2 32. bxa4 Bc7 33. Be7 Rc4 34. Rxd5 Nd4 35. Re4 Re8 36. Nb3 Bb6 37. Nxd4 Rxd4 38. Rdxd4 Bxd4+ 39. Rxd4 Rxe7 40. Rxb4+ Ka6 41. Rd4 Ka5 42. Kb3 Re3+ 43. Kc2 Ra3 44. Kb2 Rxa4 45. Rxa4+ Kxa4 46. Kc3 h5 47. gxh5 gxh5 48. Kd3 1/2-1/2

[Event "BEL-ch U16"]
[Site "Worriken Buetgenbach"]
[Date "2004.04.04"]
[Round "2.11"]
[White "Knoops, Jeremie"]
[Black "Cornelissen, Philip"]
[Result "0-1"]
[WhiteElo "1358"]
[BlackElo "1812"]
[PlyCount "68"]
[EventDate "2004.04.03"]
[EventType "swiss"]
[EventRounds "9"]
[EventCountry "BEL"]
[SourceTitle "EXT 2006"]
[Source "ChessBase"]
[SourceDate "2005.11.24"]
[SourceVersion "1"]
[SourceVersionDate "2005.11.24"]
[SourceQuality "1"]

1. d4 Nf6 2. c4 g6 3. g3 Bg7 4. Bg2 0-0 5. Nc3 d6 6. Nf3 c6 7. 0-0 Nbd7 8. e4 Qb6 9. Rb1 a5 10. h3 Ne8 11. Be3 Nc7 12. a3 Qa6 13. Qd3 Ne6 14. d5 Nec5 15. Bxc5 Nxc5 16. Qe2 a4 17. Nd2 Qa5 18. Na2 f5 19. Nb4 Qc7 20. Rfe1 fxe4 21. Nxe4 Nxe4 22. Bxe4 Bd4 23. Rf1 Bxh3 24. Bg2 Bxg2 25. Kxg2 Rf6 26. Rbd1 Bb6 27. Nd3 cxd5 28. cxd5 Qc4 29. Qxe7 Qxd5+ 30. Kg1 Qf3 31. Kh2 Ra5 32. Nf4 Rxf4 33. gxf4 Rh5+ 34. Kg1 Rh1# 0-1